<Die> Weltwirtschaft

Guardado en:
Detalles Bibliográficos
Formato: Seriadas
Lenguaje:alemán
Publicado: Tübingen Mohr 1987
Etiquetas: Agregar Etiqueta
Sin Etiquetas, Sea el primero en etiquetar este registro!

MARC

LEADER 00000nas2a2200000 4500
001 s038147
005 20250730114149.3
041 0 |a ger 
044 |a DE 
245 1 0 |a <Die> Weltwirtschaft 
264 1 |a Tübingen  |b Mohr  |c 1987 
300 |a 1 
773 0 |w eu_un_cat*s120288